[Event "18th Graz Open"]
[Site "Graz AUT"]
[Date "2011.08.27"]
[Round "1"]
[White "Schein,KH"]
[Black "Markoja,B"]
[Result "1-0"]
[WhiteElo "2206"]
[BlackElo "1944"]

1.d4 Nf6 2.c4 e6 3.Nf3 b6 4.g3 Ba6 5.Nbd2 Bb4 6.Qc2 Bb7 7.Bg2 Be4 8.Qb3 Bxd2+
9.Bxd2 d6 10.O-O O-O 11.Bh3 Nbd7 12.Nh4 c5 13.f3 Bc6 14.Qd3 Qe7 15.e4 cxd4
16.Qxd4 Rfd8 17.Bc3 Nc5 18.Ng2 Rab8 19.Ne3 b5 20.Rfd1 b4 21.Be1 a5 22.g4 h6
23.Bg3 e5 24.Qd2 g6 25.Bh4 Ne6 26.Nd5 Bxd5 27.cxd5 Nd4 28.Bg2 g5 29.Bf2 Nb5
30.Rac1 Rdc8 31.Bf1 Qb7 32.Qd3 Na7 33.Qa6 Qxa6 34.Bxa6 Rxc1 35.Rxc1 Nb5 36.Bxb5 Rxb5
37.Rc8+ Kg7 38.Rd8 Nxd5 39.exd5 Rxd5 40.Ra8 Rd1+ 41.Kg2 Rd2 42.Rxa5 Rxb2
43.Rd5 Rxa2 44.Rxd6 b3 45.Rb6 b2 46.Kg3 Ra3 47.Rxb2 e4 48.Bd4+ f6 49.Rf2 Rd3
50.Bb2 Kg6 51.Kg2 exf3+ 52.Rxf3 Rd2+ 53.Rf2 Rd6 54.Bc3 Rc6 55.Rf3 Ra6 56.Kf2 Rc6
57.h3 Ra6 58.Kg3 Rc6 59.Kf2 Ra6 60.Ke3 h5 61.gxh5+ Kxh5 62.Bxf6 g4 63.hxg4+ Kxg4
64.Rf1 Re6+ 65.Kd4 Re2 66.Be5 Rd2+ 67.Ke3 Ra2 68.Rf8 Rc2 69.Bd4 Rc7 70.Ke4 Re7+
71.Be5 Ra7 72.Rg8+ Kh3 73.Bf4 Kh4 74.Kf3 Ra3+ 75.Be3 Kh5 76.Ke4 Ra4+ 77.Bd4 Ra5
78.Be5 Kh4 79.Bd4 Kh5 80.Kf4 Kh6 81.Be5 Ra2 82.Kf5 Rf2+ 83.Bf4+ Kh7 84.Rg1 Rf3
85.Ra1 Rf2 86.Ra7+ Kg8 87.Ke4 Re2+ 88.Kd5 Rf2 89.Be5 Rf3 90.Ke6 Rf1 91.Rg7+ Kf8
92.Rh7 Rg1 93.Rh3 Rg2 94.Ra3 Rg6+ 95.Bf6  1-0

[Event "TCh-SUI 2011"]
[Site "Switzerland SUI"]
[Date "2011.08.27"]
[Round "6.1"]
[White "Schiendorfer,E"]
[Black "Pelletier,Y"]
[Result "0-1"]
[WhiteElo "2319"]
[BlackElo "2586"]

1.d4 Nf6 2.c4 e6 3.Nf3 b6 4.g3 Ba6 5.b3 d5 6.cxd5 exd5 7.Bg2 Bd6 8.O-O O-O
9.Nc3 Nbd7 10.Bf4 Bxf4 11.gxf4 Bb7 12.Rc1 Ne8 13.Qd3 c6 14.Bh3 Nd6 15.Ne5 Nb8
16.Kh1 Qe7 17.Rg1 f6 18.Nxd5 cxd5 19.Be6+ Qxe6 20.Rc7 Nf7 21.f5 Qe8 22.Qg3 Ng5
23.f4 Bc8 24.fxg5 fxe5 25.f6 Rf7 26.g6 Rxc7 27.gxh7+ Kxh7 28.fxg7 Kg8 29.Qg5 exd4
30.Qh6 Qe4+ 31.Rg2 Rc1+  0-1

[Event "10th Sunny Beach Open"]
[Site "Sunny Beach BUL"]
[Date "2011.08.28"]
[Round "2.8"]
[White "Popov,P"]
[Black "Filip,L"]
[Result "1/2-1/2"]
[WhiteElo "2244"]
[BlackElo "2469"]

1.d4 Nf6 2.Nf3 e6 3.c4 b6 4.g3 Ba6 5.b3 b5 6.cxb5 Bxb5 7.Nc3 Ba6 8.Bg2 d5
9.b4 c6 10.Qa4 Qb6 11.Rb1 Be7 12.Be3 O-O 13.O-O Bb5 14.Qc2 Nbd7 15.Ne5 Rfc8
16.Rfc1 Ba6 17.Na4 Qb5 18.Bg5 Bd6 19.Nxd7 Nxd7 20.Bf1 Qb7 21.Nc5 Bxc5 22.bxc5 Qc7
23.Be7 Nf6 24.Bd6 Qd7 25.Rb2 Ne4 26.Bf4 g5 27.Be3 h6 28.f3 Nf6 29.Qd2 Ne8
30.Rcb1 Qc7 31.f4 f6 32.fxg5 hxg5 33.Bh3 Ng7 34.Qc2 Qf7 35.Bf2 Qh5 36.Bg2 Nf5
37.h3 Qh7 38.a4 Qc7 39.e4 Ne7 40.e5 fxe5 41.Qd2 Nf5 42.Qxg5+ Qg7 43.Qxg7+ Kxg7
44.dxe5 Ne7 45.h4 Bd3 46.Rd1 Bf5 47.Rb7 Kf8 48.Rd4 Rcb8 49.Rdb4 Rxb7 50.Rxb7 a5
51.Be3 Bc2 52.Bf3 Nf5 53.Bg5  1/2-1/2

[Event "TCh-SRB Premier Men"]
[Site "Valjevo SRB"]
[Date "2011.08.28"]
[Round "2.6"]
[White "Barlov,D"]
[Black "Kovacevic,A"]
[Result "1/2-1/2"]
[WhiteElo "2475"]
[BlackElo "2568"]

1.d4 Nf6 2.Nf3 e6 3.c4 b6 4.g3 Ba6 5.Qb3 Nc6 6.Nbd2 Na5 7.Qa4 Bb7 8.Bg2 c5
9.dxc5 bxc5 10.O-O Be7 11.Re1 O-O 12.e4 Rb8 13.e5 Ng4 14.Qc2 Nc6 15.h3 Nh6
16.Nb3 Nf5 17.Bf4 a5 18.Qd2 Qb6 19.Qc3 a4 20.Nbd2 Ncd4 21.Rab1 Bc6 22.Qd3 Qa6
23.Nxd4 Nxd4 24.Be4 Bxe4 25.Nxe4 Rb4 26.b3 axb3 27.axb3 Rfb8 28.Nd2 Qa2 29.Be3 Qc2
30.Qxc2 Nxc2 31.Re2 f6 32.Bf4 Nd4 33.Ree1 f5 34.Be3 Nxb3 35.Nxb3 Rxb3 36.Rxb3 Rxb3
37.Ra1 Rb7 38.Ra5 Rc7 39.h4 Kf7 40.Kg2 d5 41.exd6 Bxd6 42.h5 Kf6 43.Kf3 g6
44.hxg6 hxg6 45.Ra6 Be5 46.g4 g5 47.gxf5 Kxf5 48.Ra5 Bd6 49.Ke2 Rc6 50.f3 Be7
51.Kd3 Rc7 52.Rb5 e5 53.Ra5 Rd7+ 54.Ke2 Rc7 55.Kd3 Rd7+ 56.Ke2 Rc7  1/2-1/2

[Event "18th Graz Open"]
[Site "Graz AUT"]
[Date "2011.08.30"]
[Round "4"]
[White "Schriebl,A"]
[Black "Singer,Ri"]
[Result "0-1"]
[WhiteElo "2080"]
[BlackElo "2260"]

1.d4 Nf6 2.c4 e6 3.Nf3 b6 4.g3 Ba6 5.Qc2 Bb4+ 6.Bd2 Bxd2+ 7.Nbxd2 c5 8.Bg2 Nc6
9.dxc5 bxc5 10.O-O O-O 11.Rfd1 Rc8 12.Rac1 d5 13.Qa4 Qb6 14.e3 Rfd8 15.cxd5 exd5
16.b3 Re8 17.Qa3 Nb4 18.Bf1 Bxf1 19.Rxf1 Qb5 20.Qxa7 Nd3 21.Rc3 Ra8 22.Qc7 Rxa2
23.Kg2 h6 24.h3 Ne4 25.Nxe4 dxe4 26.Ne1 Qb4 27.Qc6 Rd8 28.Qc7 Rf8 29.Nxd3 Qxc3
30.Ne5 Qxe3 31.Nd7 Qf3+ 32.Kh2 Rxf2+  0-1

[Event "Richard Reti Mem"]
[Site "Trnava SVK"]
[Date "2011.08.30"]
[Round "2.4"]
[White "Plischki,S"]
[Black "Pacher,M"]
[Result "1/2-1/2"]
[WhiteElo "2333"]
[BlackElo "2408"]

1.d4 Nf6 2.c4 e6 3.Nf3 b6 4.g3 Ba6 5.Qa4 Bb7 6.Bg2 c5 7.dxc5 Bxc5 8.O-O O-O
9.Nc3 d5 10.Rd1 Qc8 11.cxd5 Nxd5 12.Nxd5 Bxd5 13.Ne5 Bxg2 14.Kxg2 Qb7+ 15.f3 Rc8
16.Bf4 f6 17.Nd3 Bf8 18.Qb3 Qf7 19.Bxb8 Raxb8 20.Nf4 e5 21.Nd5 Bc5 22.Rac1 Rf8
23.Qc4 a5 24.a3 Rb7 25.b4 Bd4 26.Rc2 Rd8 27.Ne3 axb4 28.axb4 b5 29.Qxf7+ Kxf7
30.Rcd2 Ke6 31.Nc2 Rbd7 32.e4 g6 33.Kf1 f5 34.exf5+ gxf5 35.Ke2 Bb6 36.Na3 Rxd2+
37.Rxd2 Rb8 38.Nxb5 Bg1 39.Nc7+ Kf7 40.b5 Bxh2 41.Kf2 Rg8 42.Rd7+ Kf6 43.Rxh7 Bxg3+
44.Ke2 e4 45.fxe4 Bxc7  1/2-1/2

[Event "TCh-SRB Premier Men"]
[Site "Valjevo SRB"]
[Date "2011.08.30"]
[Round "4.1"]
[White "Bodiroga,P"]
[Black "Toth,Alek"]
[Result "1/2-1/2"]
[WhiteElo "2395"]
[BlackElo "2315"]

1.d4 Nf6 2.c4 e6 3.Nf3 b6 4.g3 Ba6 5.Qc2 Bb4+ 6.Bd2 Be7 7.e4 d5 8.cxd5 Bxf1
9.Kxf1 exd5 10.e5 Ne4 11.Nc3 Nxd2+ 12.Qxd2 Qd7 13.Kg2 Nc6 14.h4 O-O-O 15.Rac1 Kb7
16.a3 h6 17.Ne2 Rc8 18.Nf4 g5 19.Ne2 Rcg8 20.hxg5 hxg5 21.Qd3 f6  1/2-1/2

[Event "18th Graz Open"]
[Site "Graz AUT"]
[Date "2011.08.31"]
[Round "5"]
[White "Perhinig,R"]
[Black "Handler,L"]
[Result "1-0"]
[WhiteElo "2238"]
[BlackElo "2301"]

1.d4 Nf6 2.c4 e6 3.Nf3 b6 4.g3 Ba6 5.Nbd2 c5 6.Bg2 Bb7 7.O-O d6 8.b3 Be7
9.Qc2 O-O 10.e4 cxd4 11.Nxd4 a6 12.e5 Bxg2 13.exf6 Bxf6 14.Kxg2 Bxd4 15.Qe4 Nc6
16.Rb1 Rc8 17.Ba3 d5 18.cxd5 exd5 19.Qd3 Re8 20.Rbc1 Bf6 21.Nf3 b5 22.Rc5 d4
23.Rfc1 Qd7 24.Bb2 Nb4 25.Qd2 Rxc5 26.Rxc5 Nc6 27.h4 h6 28.Ne1 Ne5 29.Qxd4 Qe7
30.Qe3 Nc4 31.bxc4 Qxe3 32.fxe3 Bxb2 33.cxb5 Rxe3 34.b6 Be5 35.Nf3 Bd6 36.Rc6 Bf8
37.Nd4 Rd3 38.b7 Rxd4 39.b8=Q  1-0

[Event "18th Graz Open"]
[Site "Graz AUT"]
[Date "2011.09.01"]
[Round "6"]
[White "Gatterer,M"]
[Black "Singer,Ri"]
[Result "0-1"]
[WhiteElo "2076"]
[BlackElo "2260"]

1.d4 Nf6 2.Nf3 e6 3.c4 b6 4.g3 Ba6 5.Qa4 Bb7 6.Bg2 c5 7.O-O Be7 8.Nc3 O-O
9.Rd1 Ne4 10.Nxe4 Bxe4 11.dxc5 bxc5 12.Ne5 Bxg2 13.Kxg2 d6 14.Nc6 Nxc6 15.Qxc6 Rb8
16.b3 d5 17.Qa6 Bf6 18.Rb1 d4 19.Qxa7 Qc8 20.Qa5 e5 21.e4 Bd8 22.Qe1 f5 23.f3 f4
24.Qe2 Rb6 25.Bd2 Be7 26.Rh1 h5 27.Rbg1 Qd7 28.Qd3 Rg6 29.Kf2 Bg5 30.Ke2 Bh6
31.Rg2 Qh3 32.Rhg1 Kh7 33.Kd1 fxg3 34.hxg3 h4 35.Qf1 hxg3 36.Rh1 Rxf3 37.Rxh3 Rxf1+
38.Ke2 Ra1 39.Bxh6 gxh6 40.Kf3 Rf6+ 41.Kxg3 Rg6+ 42.Kh2 Rxg2+ 43.Kxg2 Rxa2+
44.Kf3 Ra6 45.Rh5 Re6 46.Rf5 Kg7 47.Ke2 Re8 48.Kd2 Kg6 49.Ke2 h5 50.Kf3 Re6
51.Ke2 Re7 52.Ke1 h4 53.Ke2 h3 54.Rf2 Rh7 55.Rh2 Kg5 56.Kf3 Kh4 57.Rh1 Rf7+
58.Ke2 Rb7  0-1

[Event "TCh-SRB Premier Men"]
[Site "Valjevo SRB"]
[Date "2011.09.01"]
[Round "6.5"]
[White "Jesenski,T"]
[Black "Pantovic,D"]
[Result "0-1"]
[WhiteElo "2313"]
[BlackElo "2101"]

1.d4 Nf6 2.c4 e6 3.Nf3 b6 4.g3 Ba6 5.b3 Bb7 6.Bg2 Bb4+ 7.Bd2 a5 8.O-O O-O
9.Nc3 d6 10.a3 Bxc3 11.Bxc3 a4 12.b4 b5 13.cxb5 Nbd7 14.Rc1 Nb6 15.Bb2 Be4
16.Nd2 Bxg2 17.Kxg2 Qd7 18.Rc6 Nfd5 19.Qc2 f5 20.Rc1 Qf7 21.Qd3 Qg6 22.Kg1 Nf4
23.Qf3 Nh3+ 24.Kg2 Ng5 25.Qd3 Nd5 26.Kf1 Qh5 27.Ke1 Qxh2 28.Nf1 Qg2 29.b6 cxb6
30.f3 Ne4  0-1

[Event "TCh-SRB Premier Men"]
[Site "Valjevo SRB"]
[Date "2011.09.01"]
[Round "6.1"]
[White "Damljanovic,B"]
[Black "Radovanovic,D"]
[Result "1-0"]
[WhiteElo "2611"]
[BlackElo "2372"]

1.d4 Nf6 2.c4 e6 3.Nf3 b6 4.g3 Ba6 5.b3 Bb4+ 6.Bd2 Be7 7.Nc3 O-O 8.Qc2 d5
9.cxd5 Nxd5 10.Rd1 c5 11.dxc5 bxc5 12.Bg2 Nc6 13.O-O Rc8 14.Nxd5 exd5 15.Rfe1 Re8
16.h4 Nd4 17.Nxd4 cxd4 18.Qf5 Bf6 19.Bg5 Bxg5 20.hxg5 g6 21.Qxd5 Qxd5 22.Bxd5 Rc2
23.Rxd4 Rxa2 24.e4 Re7 25.Rc1 Kg7 26.Kg2 h6 27.gxh6+ Kxh6 28.Ra4 Rxa4 29.bxa4 Kg7
30.Kf3 Bb7 31.Rc5 Bxd5 32.Rxd5 Rb7 33.Ra5 Rc7 34.Kf4 Rb7 35.e5 Kh6 36.Kg4 Rc7
37.f4 Rb7 38.Ra6 Re7 39.a5 Kg7 40.Kg5 Rb7 41.g4 Rc7 42.f5 gxf5 43.gxf5 Rb7
44.f6+ Kh7 45.Kf5 Rc7 46.Rd6 Rc1 47.Rd4 Ra1 48.Rg4 Rf1+ 49.Ke4 Re1+ 50.Kd5 Rd1+
51.Kc6 Rc1+ 52.Kd6  1-0

[Event "18th Graz Open"]
[Site "Graz AUT"]
[Date "2011.09.03"]
[Round "8"]
[White "Farago,I"]
[Black "Sakelsek,T"]
[Result "1/2-1/2"]
[WhiteElo "2485"]
[BlackElo "2407"]

1.d4 Nf6 2.c4 e6 3.Nf3 b6 4.g3 Ba6 5.Qa4 Bb7 6.Bg2 c5 7.dxc5 bxc5 8.O-O Be7
9.Nc3 O-O 10.Bf4 Qb6 11.Rfd1 d6 12.Rab1 Na6 13.a3 Bc6 14.Qc2 Rfd8 15.e4 Qb7
16.Ne1 h6 17.Qe2 Rac8 18.Nc2 Qa8 19.b4 Bb7 20.b5 Nc7 21.a4 e5 22.Bd2 Ne6
23.Nd5 Nxd5 24.exd5 Nd4 25.Nxd4 cxd4 26.Bh3 Rb8 27.Ba5 Rf8 28.Bc7 Bc8 29.Bxb8 Bxh3
30.Bc7 Qc8 31.b6 axb6 32.Bxb6 d3 33.Qxd3 Bf5 34.Qe2 Bxb1 35.Rxb1 f5 36.c5 f4
37.c6 Qf5 38.Rb4 f3 39.Qf1 e4 40.c7 Bg5 41.Rc4 e3 42.Bxe3 Bxe3 43.c8=Q Bxf2+
44.Kxf2 Rxc8 45.Rxc8+ Qxc8 46.Qb5 Qc2+ 47.Kxf3 Qxh2 48.Qb8+ Kh7 49.Qxd6 Qh1+
50.Kf2 Qd1 51.Qc6 Qd2+ 52.Kf3 Qd3+ 53.Kf2 Qd2+ 54.Kf3 Qd3+ 55.Kf4 g5+ 56.Ke5 Qxg3+
57.Kf6 Qf4+ 58.Ke7 g4 59.d6 Qe5+ 60.Kd8 g3 61.Kc8 Qh8+ 62.Kc7 Qg7+ 63.d7 g2
64.Qc2+ Kh8 65.Qxg2 Qxg2 66.d8=Q+ Kg7 67.a5 Qc2+ 68.Kb8 Kg6 69.Qb6+ Kg5 70.a6 Qh2+
71.Qc7 Qb2+ 72.Kc8 Kg4 73.Qd7+ Kg3 74.Qd6+ Kg4 75.Qg6+ Kf3 76.Qxh6 Qc3+ 77.Kb7 Qb4+
78.Qb6 Qe7+ 79.Ka8 Ke2 80.Qb5+ Ke1 81.a7 Qc7 82.Qb7 Qd8+  1/2-1/2

[Event "TCh-SRB Premier Men"]
[Site "Valjevo SRB"]
[Date "2011.09.03"]
[Round "8.1"]
[White "Abramovic,B"]
[Black "Radovanovic,D"]
[Result "0-1"]
[WhiteElo "2464"]
[BlackElo "2372"]

1.d4 Nf6 2.c4 e6 3.Nf3 b6 4.g3 Ba6 5.b3 Bb4+ 6.Bd2 Be7 7.Bg2 c6 8.Bc3 d5
9.Nbd2 Nbd7 10.O-O O-O 11.Re1 c5 12.e4 dxc4 13.Nxc4 Bb7 14.Nfe5 cxd4 15.Bxd4 Nc5
16.f3 Qc7 17.Qe2 Rfd8 18.Bb2 b5 19.Na3 Ncxe4 20.fxe4 Bxa3 21.Bxa3 Qxe5 22.Bb2 Qg5
23.Rad1 Ng4 24.b4 a6 25.Bd4 Rac8 26.h3 Ne5 27.Kh2 Nc4 28.a4 h6 29.axb5 axb5
30.h4 Qe7 31.Bc5 Qc7 32.Qg4 Rxd1 33.Rxd1 Rd8 34.Qf4 e5 35.Qc1 Ra8 36.Qc2 Ne3  0-1

[Event "18th Graz Open"]
[Site "Graz AUT"]
[Date "2011.09.04"]
[Round "9"]
[White "Perhinig,R"]
[Black "Ikonnikov,Vy"]
[Result "0-1"]
[WhiteElo "2238"]
[BlackElo "2553"]

1.d4 Nf6 2.c4 e6 3.Nf3 b6 4.g3 Ba6 5.Nbd2 Bb7 6.Bg2 c5 7.O-O cxd4 8.Nxd4 Bxg2
9.Kxg2 Qc8 10.b3 Be7 11.Bb2 Qb7+ 12.Kg1 O-O 13.Rc1 d6 14.Qc2 Nbd7 15.Qd3 a6
16.Qf3 Qxf3 17.N2xf3 Rfc8 18.Rfd1 Rc7 19.Ne1 h5 20.h3 g5 21.f3 g4 22.Nd3 Rac8
23.Nf2 gxf3 24.exf3 d5 25.cxd5 Nxd5 26.Rxc7 Rxc7 27.Ne4 N7f6 28.Nxf6+ Bxf6
29.Rd2 h4 30.gxh4 Bxh4 31.Nf5 Be1 32.Rg2+ Kf8 33.Ba3+ Bb4 34.Bxb4+ Nxb4 35.Nh6 Rc1+
36.Kh2 Rc2 37.Rxc2 Nxc2 38.Ng4 Nb4 39.Ne5 Ke7 40.a3 Nc2 41.Nc6+ Kd6 42.Nb4 Nxa3
43.Nxa6 Nc2 44.Kg3 Nd4 45.Kf4 Nxb3 46.h4 Ke7 47.Kg5 Nd2 48.Kf4 b5 49.Nb4 Kf6
50.Nc6 Nc4 51.Ke4 Nd6+ 52.Kf4 Nf5 53.Kg4 Ne7 54.Nd4 b4 55.Nb3 Nf5 56.h5 Kg7
57.Kf4 f6 58.Nc5 Nd4 59.Ke4 b3 60.Na4 e5 61.f4 Ne6 62.Kd3 Nxf4+ 63.Kc3 Kh6
64.Kxb3 Kxh5 65.Kc2 Kg4 66.Kd2 Kf3 67.Nb2 e4 68.Nc4 Ng2  0-1

[Event "18th Graz Open"]
[Site "Graz AUT"]
[Date "2011.09.04"]
[Round "9"]
[White "Matosec,T"]
[Black "Pfaffel,T"]
[Result "0-1"]
[WhiteElo "2070"]
[BlackElo "2199"]

1.d4 Nf6 2.Nf3 e6 3.c4 b6 4.g3 Ba6 5.Qa4 Be7 6.Bg2 Bb7 7.Nc3 O-O 8.O-O Ne4
9.Bf4 Nxc3 10.bxc3 d6 11.Rfd1 Nd7 12.Qc2 f5 13.Ng5 Bxg2 14.Nxe6 Be4 15.Qd2 Qe8
16.d5 Qh5 17.f3 Nf6 18.Nxf8 Rxf8 19.h4 h6 20.a4 g5 21.Bxg5 hxg5 22.Qxg5+ Qxg5
23.hxg5 Ng4 24.fxe4 fxe4 25.Rd4 Nf2 26.a5 Bxg5 27.axb6 axb6 28.Ra7 Rf7 29.c5 bxc5
30.Rda4 Nd1 31.Rxe4 Nxc3 32.Re8+ Kg7 33.e4 Be3+ 34.Kg2 Bd4 35.g4 Be5 36.Raa8 Nxe4
37.Rg8+ Kh6 38.Ra3 Kh7 39.Re8 Nf6 40.Rh3+ Kg6 41.Re6 Kg5 42.Rf3 Bf4 43.Kh3 Rh7+
44.Kg2 Nxd5 45.Re4 Kxg4 46.Rg3+ Kf5  0-1

[Event "VII Ugra Governor's Cup"]
[Site "Khanty-Mansiysk RUS"]
[Date "2011.09.08"]
[Round "9"]
[White "Vorobiov,E"]
[Black "Iordachescu,V"]
[Result "0-1"]
[WhiteElo "2574"]
[BlackElo "2646"]

1.d4 Nf6 2.c4 e6 3.Nf3 b6 4.g3 Ba6 5.Nbd2 Bb4 6.Qc2 O-O 7.Bg2 d5 8.O-O c5
9.dxc5 Bxc5 10.b3 Nbd7 11.Bb2 Rc8 12.Rad1 b5 13.Bc3 bxc4 14.bxc4 Be7 15.Ne5 Nxe5
16.Bxe5 Nd7 17.Bd4 Bxc4 18.Nxc4 Rxc4 19.Qb2 Bf6 20.e4 dxe4 21.Bxf6 Qxf6 22.Qe2 Nb6
23.Bxe4 g6 24.Rd2 Rfc8 25.h4 Kg7 26.Kg2 R8c5 27.Bf3 Rc3 28.Rd3 Rc2 29.Rd2 Qb2
30.Rxc2 Rxc2 31.Qe3 Qf6 32.Rc1 Rxa2 33.Rc7 Ra5 34.Bc6 Nc4 35.Qb3 Rc5 36.Qb4 Ne3+
37.Kh3 Rxc6  0-1

[Event "5th ch-Euro IBCA"]
[Site "Rhodes GRE"]
[Date "2011.09.10"]
[Round "5.5"]
[White "Riegler,Dieter"]
[Black "Smirnov,Sergei1"]
[Result "1-0"]
[WhiteElo "2105"]
[BlackElo "2326"]

1.d4 Nf6 2.c4 e6 3.Nf3 b6 4.g3 Ba6 5.Qc2 c5 6.d5 exd5 7.cxd5 Bb7 8.Nc3 Nxd5
9.Bg2 Nxc3 10.bxc3 Qe7 11.O-O Be4 12.Qa4 f6 13.Bf4 Bc6 14.Qc2 g5 15.Bd2 Bg7
16.c4 O-O 17.Bc3 Be4 18.Qd2 Re8 19.Rad1 h6 20.h4 g4 21.Ne1 Nc6 22.Qf4 Rad8
23.Qxg4 Bxg2 24.Nxg2 Qxe2 25.Qf4 Re7 26.Qc1 Qxc4 27.Rd4  1-0

[Event "TUR-IRI Friendship Match"]
[Site "Ankara TUR"]
[Date "2011.09.14"]
[Round "6"]
[White "Can,E"]
[Black "Darini,P"]
[Result "1-0"]
[WhiteElo "2466"]
[BlackElo "2470"]

1.d4 Nf6 2.c4 e6 3.Nf3 b6 4.g3 Ba6 5.Qc2 Bb4+ 6.Nbd2 O-O 7.Bg2 d5 8.O-O c5
9.dxc5 bxc5 10.b3 Nc6 11.Bb2 Rc8 12.Rfd1 Qe7 13.e3 Ba5 14.Rac1 Rfd8 15.a3 Bb6
16.Qb1 Bb7 17.cxd5 exd5 18.Qf5 d4 19.Nc4 Rd5 20.Nfe5 Nxe5 21.Bxd5 Nxc4 22.Bxc4 g6
23.Qf4 Ne4 24.Bf1 Bc7 25.Qh4 g5 26.Qh5 Nxf2 27.Re1 Qe4 28.Kxf2 g4 29.Qg5+ Kf8
30.Qxc5+ Kg8 31.Qg5+ Kf8 32.Qf6  1-0

[Event "2nd Zlatni Rat Open"]
[Site "Bol CRO"]
[Date "2011.09.14"]
[Round "6.5"]
[White "Saric,Ib"]
[Black "Saric,A"]
[Result "1/2-1/2"]
[WhiteElo "2560"]
[BlackElo "2489"]

1.d4 Nf6 2.c4 e6 3.Nf3 b6 4.g3 Ba6 5.b3 Bb4+ 6.Bd2 Be7 7.Bg2 c6 8.Bc3 d5
9.Nbd2 Nbd7 10.O-O O-O 11.Re1 c5 12.e4 dxe4 13.Ng5 Bb7  1/2-1/2

[Event "ch-Euro Youth b18"]
[Site "Albena BUL"]
[Date "2011.09.15"]
[Round "5.20"]
[White "Andreev,Sa"]
[Black "Druska,J"]
[Result "1/2-1/2"]
[WhiteElo "2231"]
[BlackElo "2338"]

1.d4 Nf6 2.c4 e6 3.Nf3 b6 4.g3 Ba6 5.b3 Bb4+ 6.Bd2 Be7 7.Bg2 c6 8.O-O d5
9.Bc3 O-O 10.Nbd2 Nbd7 11.Re1 c5 12.e4 dxe4 13.Nxe4 Nxe4 14.Rxe4 Bb7 15.Re2 Bf6
16.Rc1 cxd4 17.Bxd4 Qc7 18.Bxf6 Nxf6 19.Qd4 Rfd8 20.Qe5 Qe7 21.Qf4 Rd6 22.Ne5 Rad8
23.Bxb7 Qxb7 24.Qf3 Qc7 25.Kg2 h6 26.b4 Rd1  1/2-1/2

[Event "e2e4 Sunningdale Autumn"]
[Site "Sunningdale ENG"]
[Date "2011.09.16"]
[Round "1"]
[White "Wells,P"]
[Black "Bennett,Dominic L"]
[Result "1-0"]
[WhiteElo "2497"]
[BlackElo "2083"]

1.d4 e6 2.Nf3 Nf6 3.c4 b6 4.g3 Ba6 5.b3 Bb4+ 6.Bd2 Be7 7.Bg2 c6 8.Bc3 d5
9.Nbd2 Nbd7 10.O-O Rc8 11.Re1 c5 12.e4 dxe4 13.Nxe4 O-O 14.Qc2 Bb7 15.Nxf6+ Nxf6
16.Rad1 Qc7 17.d5 exd5 18.Be5 Qd8 19.Nh4 g6 20.Nf5 Ba6 21.Rxd5  1-0

[Event "e2e4 Sunningdale Autumn"]
[Site "Sunningdale ENG"]
[Date "2011.09.16"]
[Round "1"]
[White "Croad,N"]
[Black "Aagaard,G"]
[Result "1-0"]
[WhiteElo "2295"]
[BlackElo "2066"]

1.d4 Nf6 2.c4 e6 3.Nf3 b6 4.g3 Ba6 5.Nbd2 Bb7 6.Bg2 Be7 7.O-O Ne4 8.d5 exd5
9.cxd5 Nxd2 10.Bxd2 O-O 11.Nd4 Bf6 12.Bc3 c5 13.dxc6 dxc6 14.Rc1 Qe7 15.e4 c5
16.Nf5 Qd8 17.e5 Qxd1 18.Rcxd1 Bxg2 19.exf6  1-0

[Event "ch-Euro Youth g18"]
[Site "Albena BUL"]
[Date "2011.09.17"]
[Round "6.8"]
[White "Gluszko,M"]
[Black "Abdulla,K"]
[Result "0-1"]
[WhiteElo "2077"]
[BlackElo "2230"]

1.d4 Nf6 2.c4 e6 3.Nf3 b6 4.g3 Ba6 5.Qc2 Bb7 6.Bg2 c5 7.d5 exd5 8.cxd5 Nxd5
9.O-O Be7 10.Qe4 Bc6 11.Ne5 Nf6 12.Nxc6 Nxc6 13.Qd3 O-O 14.Nc3 Nb4 15.Qf5 g6
16.Qh3 Rc8 17.Rd1 d6 18.Bf4 a6 19.e4 Qc7 20.Rd2 Rfd8 21.Rad1 Rb8 22.Bg5 Ne8
23.Bxe7 Qxe7 24.e5 c4 25.a3 Nd3 26.Bd5 Nxe5 27.f4 Nd3 28.Bxc4 Qe3+ 29.Kg2 Nxb2
30.Bxf7+ Kxf7 31.Qxh7+ Ng7 32.Rxd6 Nxd1 33.Qxg6+ Kg8 34.Nxd1 Qe2+ 35.Nf2 Rxd6
36.Qxd6 Qe8 37.g4 Qd8 38.Qh6 Qd5+ 39.Kg3 Qe6 40.Qg5 Rc8 41.f5 Rc3+ 42.Kh4 Qd6  0-1

[Event "ch-Euro Youth b14"]
[Site "Albena BUL"]
[Date "2011.09.20"]
[Round "9.6"]
[White "Petrosyan,M"]
[Black "Lamard,G"]
[Result "1-0"]
[WhiteElo "2207"]
[BlackElo "2161"]

1.d4 Nf6 2.Nf3 e6 3.c4 b6 4.g3 Ba6 5.b3 Bb4+ 6.Bd2 Be7 7.Bg2 c6 8.Bc3 d5
9.Ne5 Nfd7 10.Nxd7 Nxd7 11.Nd2 f5 12.O-O O-O 13.Bb2 Nf6 14.Rc1 Rc8 15.Nf3 Bd6
16.Ne5 Qe7 17.a3 c5 18.dxc5 Rxc5 19.Nd3 Rcc8 20.Bxf6 Qxf6 21.cxd5 Rxc1 22.Nxc1 e5
23.b4 Bc4 24.Qa4 Qe7 25.Qc6 Ba6 26.Qa4 Bc4 27.Qc2 b5 28.Nb3 e4 29.Na5 Bxd5
30.Rd1 Ba8 31.Nc6 Qc7 32.Qb3+ Kh8 33.Nxa7 Bxg3 34.hxg3 Qxa7 35.e3 Qe7 36.Qc3 Qe6
37.Qc5 Rb8 38.Rd6 Qc8 39.Rb6 Qe8 40.Rxb8 Qxb8 41.Bf1 h6 42.Qxb5 Qxb5 43.Bxb5 Kg8
44.Bd7 g6 45.b5 Kf7 46.Bc8  1-0

[Event "Caissa GM Sept 2011"]
[Site "Kecskemet HUN"]
[Date "2011.09.20"]
[Round "4.2"]
[White "Brown,An"]
[Black "Sax,G"]
[Result "1/2-1/2"]
[WhiteElo "2216"]
[BlackElo "2492"]

1.d4 Nf6 2.c4 e6 3.Nf3 b6 4.g3 Ba6 5.Qc2 Bb7 6.Bg2 c5 7.d5 exd5 8.cxd5 Nxd5
9.O-O Be7 10.Rd1 Nc6 11.Qf5 Nf6 12.e4 g6 13.Qf4 O-O 14.e5 Nh5 15.Qg4 d5 16.exd6 Bxd6
17.Nc3 Qb8 18.Bh6 Re8 19.Nd5 Ne7 20.Qxh5 gxh5 21.Nf6+ Kh8 22.Ng5 Rf8 23.Bxb7 Qxb7
24.Rxd6 Ng8 25.Nxg8 Rxg8 26.Rad1 Rg6 27.Rd7 Qxd7 28.Rxd7 Kg8 29.Nxf7 Rf6
30.Nd6 Rxh6 31.f4 Re6 32.f5 Re5 33.Nf7 Re1+ 34.Kf2  1/2-1/2

[Event "31st Munich OIS A"]
[Site "Munich GER"]
[Date "2011.09.24"]
[Round "8.6"]
[White "Jorczik,J"]
[Black "Deglmann,L"]
[Result "1-0"]
[WhiteElo "2392"]
[BlackElo "2329"]

1.d4 e6 2.c4 Nf6 3.Nf3 b6 4.g3 Ba6 5.Qc2 Bb4+ 6.Bd2 Bxd2+ 7.Nbxd2 d6 8.e4 Nfd7
9.Bg2 e5 10.b4 exd4 11.Nxd4 Bb7 12.O-O O-O 13.Nf5 Nc6 14.Qc3 Qf6 15.Qxf6 Nxf6
16.e5  1-0

[Event "Vasteras Open"]
[Site "Vasteras SWE"]
[Date "2011.09.24"]
[Round "6"]
[White "Johansson,Linus"]
[Black "Malmstig,E"]
[Result "1-0"]
[WhiteElo "2195"]
[BlackElo "2266"]

1.d4 Nf6 2.c4 e6 3.Nf3 b6 4.g3 Ba6 5.Nbd2 Be7 6.Bg2 O-O 7.O-O d5 8.cxd5 exd5
9.Ne5 c5 10.Ndf3 Ne4 11.Be3 c4 12.Nd2 Nxd2 13.Bxd2 f6 14.Ng4 Bb7 15.Ne3 Qd7
16.b3 Rd8 17.Qc2 Na6 18.bxc4 Rac8 19.Bc3 dxc4 20.d5 Nb4 21.Bxb4 Bxb4 22.Be4 g6
23.Rfd1 Bc5 24.Ng2 f5 25.Bf3 g5 26.e3 b5 27.g4 Rf8 28.h3 Rce8 29.Rab1 a6
30.a4 f4 31.e4 Bd6 32.Ne1 Re7 33.Qc3 Be5 34.Qb4 Bd6 35.Qc3 Qe8 36.Nc2 Bc8
37.Qa5 Rxe4 38.axb5 Re2 39.Nd4 Rxf2 40.Kxf2 Qe3+ 41.Kg2 Bc5 42.Qd2 Qe5 43.b6 h5
44.b7 Bxg4 45.hxg4 hxg4 46.b8=Q gxf3+ 47.Nxf3 Qf5 48.Qxf8+ Kxf8 49.Nh2 f3+
50.Kh1 f2 51.Qe2 c3 52.Rbc1 Qh3 53.Qf3+ Qxf3+ 54.Nxf3 g4 55.Ne5  1-0

[Event "Vasteras Open"]
[Site "Vasteras SWE"]
[Date "2011.09.24"]
[Round "6"]
[White "Brynell,S"]
[Black "Westerberg,J"]
[Result "1-0"]
[WhiteElo "2491"]
[BlackElo "2318"]

1.d4 Nf6 2.Nf3 e6 3.c4 b6 4.g3 Ba6 5.Qc2 Bb7 6.Bg2 c5 7.d5 exd5 8.cxd5 Nxd5
9.O-O Be7 10.Rd1 Nf6 11.Nc3 d5 12.Nh4 O-O 13.Nf5 Re8 14.Bg5 Nbd7 15.Nxd5 Bxd5
16.Bxd5 Nxd5 17.Rxd5 Bxg5 18.Rad1 Qf6 19.Rxd7 Qe6 20.e3 Red8 21.R7d6 Qe8
22.h4 Be7 23.Nxe7+ Qxe7 24.Qe4 Qf8 25.Rd7 g6 26.R1d5 Re8 27.Qf3 Re7 28.Qf6 Rae8
29.b3 Qg7 30.Qf4 h5 31.Qc7 Qf6 32.R5d6 Rxd7 33.Rxd7 a5 34.Rd6 Qa1+ 35.Kg2 Qxa2
36.Rxb6 Qc2 37.Qf4 Qe4+ 38.Qxe4 Rxe4 39.Rb5 a4 40.bxa4 Rxa4 41.Rxc5 Kg7 42.Kf3 Rb4
43.Rd5 Kf6 44.Rd4 Rb2 45.Rf4+ Ke6 46.Ra4 Kf6 47.Ra6+ Ke5 48.Ra7 Kf6 49.e4 Ke6
50.Ke3 Rb6 51.Kf4 Kf6 52.Rd7 Ke6 53.Rd8 Ke7 54.Rg8 Rf6+ 55.Ke3 Ra6 56.f3 Rb6
57.Ra8 Kf6 58.Kf4 Ke6 59.Ra3 Kf6 60.Rd3 Ke6 61.Kg5 Rb1 62.Ra3 Rb6 63.f4 Rb5+
64.Kh6 Rb4 65.e5 Kd5  1-0

[Event "TCh-HUN 2011-12"]
[Site "Decs HUN"]
[Date "2011.09.25"]
[Round "1"]
[White "Eltigani,O"]
[Black "Rigo,Ja"]
[Result "0-1"]
[WhiteElo "2310"]
[BlackElo "2319"]

1.d4 Nf6 2.c4 e6 3.Nf3 b6 4.g3 Ba6 5.b3 b5 6.cxb5 Bxb5 7.Bg2 a5 8.O-O d5
9.Nc3 Ba6 10.Qc2 Nbd7 11.Rd1 Bb4 12.Na4 O-O 13.Ne5 Nxe5 14.dxe5 Nd7 15.e4 c6
16.Bb2 Qb8 17.f4 Qa7+ 18.Bd4 Qb8 19.Qb2 Bb5 20.Nc3 c5 21.Nxb5 Qxb5 22.a3 Bxa3
23.Rxa3 cxd4 24.exd5 exd5 25.Qxd4 Nb6 26.f5 Rfe8 27.Raa1 Rac8 28.Bxd5 Nxd5
29.Qxd5 Rxe5 30.Qxb5 Rxb5 31.g4 h5 32.f6 hxg4 33.fxg7 Kxg7 34.h3 Rc3 35.hxg4 Rcxb3
36.Kg2 Rb2+ 37.Kg3 R2b3+ 38.Kg2 Rg5 39.Rd4 Rb4 40.Ra4 Rb3 41.Rf4 Rc5 42.Ra2 Rb4
43.Kg3 Rc3+ 44.Rf3 Rxf3+ 45.Kxf3 a4 46.Kg3 Kg6 47.Rc2 Rb6 48.Ra2 Rb3+ 49.Kf4 a3
50.Ra1 Rb4+ 51.Kf3 Ra4  0-1

[Event "Dinos-Guajes"]
[Site "Aviles ESP"]
[Date "2011.09.26"]
[Round "1"]
[White "Alvarez Solis,J"]
[Black "Fernandez Diaz,I"]
[Result "1-0"]
[WhiteElo "2068"]
[BlackElo "2089"]

1.d4 Nf6 2.Nf3 e6 3.c4 b6 4.g3 Ba6 5.Qa4 Bb7 6.Bg2 c5 7.O-O cxd4 8.Nxd4 Bxg2
9.Kxg2 Bc5 10.Rd1 Qc8 11.Nc3 Qb7+ 12.f3 O-O 13.Bg5 h6 14.Bxf6 gxf6 15.Ne4 Be7
16.g4 a6 17.Rd3 Rd8 18.Rad1 Qc7 19.Qc2 Qe5 20.Qd2 Kg7 21.Rb3 b5 22.cxb5 d5
23.Ng3 Qg5 24.Qa5 Rd7 25.b6 Bd8 26.Qc5 Be7 27.Qc8 Qe5 28.Nc6 Qd6 29.b7 Rxb7
30.Qxb7 Qxc6 31.Qxe7  1-0